| 000 | 00553nam a22001697a 4500 | ||
|---|---|---|---|
| 008 | 170211b xxu||||| |||| 00| 0 eng d | ||
| 020 | _a0-321-04605-6 | ||
| 082 |
_22000 _aDC 808.0667 _bB26 |
||
| 100 |
_918696 _aBarnet, Sylvan |
||
| 245 |
_aA short guide to writing about art / _cSylvan Barnet. |
||
| 250 | _aSixth edition | ||
| 260 |
_aNew York : _bLongman, _cc2000. |
||
| 300 |
_axix, 280 pages : _billustrations ; _c21 cm. |
||
| 500 | _aIncludes bibliographical references and index | ||
| 650 | 0 |
_918697 _aArt criticism -- Authorship |
|
| 942 |
_2ddc _cDC |
||
| 999 |
_c6194 _d6194 |
||